|
|
|
|
| LEADER |
00000nab a2200000 ar4500 |
| 001 |
vtls010515214 |
| 003 |
SK-MaSNL |
| 005 |
20260303090725.0 |
| 008 |
171109c2013 xo wr|p|||||||000 b|slo |
| 038 |
|
|
|a PPPK
|
| 040 |
|
|
|a PPPKCL
|b slo
|c PPPKCL
|e AACR2
|
| 041 |
0 |
|
|a slo
|
| 044 |
|
|
|a xo
|c SK
|
| 080 |
|
|
|a 796.332
|x (437.6)
|2 2001
|
| 245 |
0 |
0 |
|a Zima ovplyvňuje tempo prác na NTC
|c [text a foto] (pkr)
|
| 300 |
|
|
|b Fotogr.
|
| 610 |
2 |
7 |
|a Národné tréningové centrum (Poprad, Slovensko)
|2 pppkcl
|9 1086857
|
| 650 |
0 |
7 |
|a šport
|2 snkbucl
|9 1042
|
| 650 |
0 |
7 |
|a futbal
|2 pppkcl
|9 3291
|
| 651 |
|
7 |
|a Poprad (Slovensko)
|2 pppkcl
|9 20155
|
| 773 |
0 |
|
|t Podtatranský kuriér : spoločensko-ekonomický týždenník
|g Roč. III, č. 9 (2013), s. 12
|x 1338-5402
|
| 852 |
|
|
|a PPPK
|b KIS3GCP
|
| 999 |
|
|
|c 1804521
|d 1806451
|